000 00521nam a2200181Ia 4500
005 20250508155952.0
008 008 250505s9999 xx 000 0 eng d
037 _aBooks to be hide in OPAC
040 _aFEDL
_beng
_cFEDL
041 _aeng
_2eng
084 _a378.7514, KEN
_qFEDL
245 0 _aSpecial report on higher education in the country of Kent 1906
245 0 _cIkent Education Committee
260 _c1906
300 _a315p.
942 _cHB
_h378.7514, KEN
999 _c1360543
_d1360543